• 首页
  • 本馆介绍
  • 公告通知
  • 最新文献
  • 馆藏检索
  • 电子资源
  • 读者导购
  • 参考咨询
  • 我的图书馆
  • 登录
  • 详细信息显示
  • 放入我的书架
  • 预约/预借图书
  • 作者相关作品
  • 分类相关作品
  • 丛书相关作品
  • 出版社相关作品

书目信息

  • 表格格式
  • 工作单格式
  • 卡片格式
题名:
污水处理机械设备设计与应用
    
 
作者: 张大群 编著
分册:  
出版信息: 北京   化学工业出版社  2012.6
页数: 292页
开本: 26cm
丛书名:
单 册:
中图分类: X703.3
科图分类:
主题词: 污水处理设备
电子资源:
ISBN: 978-7-122-14261-0
000 01007nam0 2200241 45
001 1359735562
005 20130529090619.65
010    @a978-7-122-14261-0@dCNY85.00
100    @a20130513d2012 em y0chiy50 ea
101 0  @achi
102    @aCN@b110000
105    @aa z 000yy
106    @ar
200 1  @a污水处理机械设备设计与应用@AWu Shui Chu Li Ji Xie She Bei She Ji Yu Ying Yong@f张大群编著@FZhang Da Qun Bian Zhu
205    @a2版
210    @a北京@c化学工业出版社@d2012.6
215    @a292页@c图, 照片@d26cm
330    @a本书污水处理设备主要分为两大类,即专用设备和通用设备,总共为13章。其中专用设备10章,分别为污水处理厂设备概述、拦污设备、排砂与排泥设备、曝气设备与搅拌设备、污泥浓缩与脱水设备、投药设备与消毒设备、膜处理设备、SBR工艺的滗水器设备、污泥处置设备及节能环保的新型水处理设备;通用设备3章,分别为水泵、闸门及风机。
606 0  @a污水处理设备
690    @aX703.3@v5
701  0 @a张大群@AZhang Da Qun@4编著
801    @aCN@bTANGWEI@c20130522
905    @b0833704-07@dX703.3@e172=2@f4
    
    污水处理机械设备设计与应用/张大群编著.-2版.-北京:化学工业出版社,2012.6
    292页:图, 照片;26cm
    
    
    ISBN 978-7-122-14261-0:CNY85.00
    本书污水处理设备主要分为两大类,即专用设备和通用设备,总共为13章。其中专用设备10章,分别为污水处理厂设备概述、拦污设备、排砂与排泥设备、曝气设备与搅拌设备、污泥浓缩与脱水设备、投药设备与消毒设备、膜处理设备、SBR工艺的滗水器设备、污泥处置设备及节能环保的新型水处理设备;通用设备3章,分别为水泵、闸门及风机。
●
相关链接 在E读中查询图书 在五车中查询图书 在当当中查询图书 在豆瓣中查询图书


正题名:污水处理机械设备设计与应用     索取号:X703.3/172=2         预约/预借

序号 登录号 条形码 馆藏地/架位号 状态 备注
1 0833704   208337049   第二样本阅览室/ [索取号:X703.3/172=2] 在馆    
2 0833705   208337058   第三借阅区/ [索取号:X703.3/172=2] 在馆    
3 0833706   208337067   第三借阅区/ [索取号:X703.3/172=2] 在馆    
4 0833707   208337076   第三借阅区/ [索取号:X703.3/172=2] 在馆    
唐山师范学院图书馆 欢迎您!
大连网信软件有限公司© 版权所有